Statistics for Countries that Visit South Korea the Most

Click here to take the quiz!

General Stats

  • This quiz has been taken 87 times
  • The average score is 10 of 11

Answer Stats

TouristsCountry% Correct
6,023,021China
99%
3,271,706Japan
99%
1,044,038United States
99%
278,575Indonesia
93%
553,731Vietnam
90%
1,260,493Taiwan
88%
408,590Malaysia
87%
343,057Russia
87%
571,610Thailand
87%
503,867Philippines
86%
246,142Singapore
77%

Score Distribution

Percentile by Number Answered

Percent of People with Each Score

Your Score History

You have not taken this quiz